Artistes les plus écoutés sur Deezer en France en 2025 - Statistiques

Statistiques générales
  • Ce quiz a été pris 173 fois
  • Le résultat moyen est 5 sur 10
Statistiques - réponses
Classement Artiste % Correct
1 Jul
86%
2 Gims
81%
3 Ninho
70%
5 Damso
53%
9 SDM
49%
6 Booba
48%
8 SCH
46%
4 Werenoi
43%
7 Gazo
33%
10 The Weeknd
12%
Aucun quiz correspondant
Distribution des résultats
% des personnes avec chaque résultat
Percentile par nombre de réponses
Votre historique - résultats
Vous n’avez pas pris ce quiz